<?xml version="1.0" encoding="UTF-8"?>
<record
    xmlns:xsi="http://www.w3.org/2001/XMLSchema-instance"
    xsi:schemaLocation="http://www.loc.gov/MARC21/slim http://www.loc.gov/standards/marcxml/schema/MARC21slim.xsd"
    xmlns="http://www.loc.gov/MARC21/slim">

  <leader>01395nam a22002177a 4500</leader>
  <controlfield tag="008">241218b        |||||||| |||| 00| 0 eng d</controlfield>
  <datafield tag="020" ind1=" " ind2=" ">
    <subfield code="a">9781802797657</subfield>
  </datafield>
  <datafield tag="040" ind1=" " ind2=" ">
    <subfield code="c">tbs</subfield>
  </datafield>
  <datafield tag="041" ind1=" " ind2=" ">
    <subfield code="a">eng</subfield>
  </datafield>
  <datafield tag="100" ind1=" " ind2=" ">
    <subfield code="a">Bumpus, Jessica</subfield>
    <subfield code="9">24401</subfield>
    <subfield code="e">author</subfield>
  </datafield>
  <datafield tag="245" ind1=" " ind2=" ">
    <subfield code="a">Little book of Dolce &amp; Gabbana</subfield>
    <subfield code="b">: the story of the iconic fashion house</subfield>
    <subfield code="c">/ Jessica Bumpus.</subfield>
  </datafield>
  <datafield tag="260" ind1=" " ind2=" ">
    <subfield code="a">London : Welbeck Publishing, 2024.</subfield>
  </datafield>
  <datafield tag="300" ind1=" " ind2=" ">
    <subfield code="a">160 pages : illustrations (chiefly color) ; 19 cm.</subfield>
  </datafield>
  <datafield tag="490" ind1=" " ind2=" ">
    <subfield code="a">Little books of fashion</subfield>
  </datafield>
  <datafield tag="520" ind1=" " ind2=" ">
    <subfield code="a">Elaborate, luxurious and powerful, the Dolce &amp; Gabbana look has always exuded decadent sensuality.

With tailoring and corsets, baroque prints and innovative silhouettes, the fashion house's Italian roots sing through their distinctive ensembles in lace, leopard print and florals. Founded by designer duo Domenico Dolce and Stefano Gabbana in 1985, the brand's opulent pieces have been worn by everyone from Naomi Campbell to Jennifer Lopez.

Through photographs of over 100 stunning looks alongside captivating expert text, Little Book of Dolce &amp; Gabbana tells the story of one of the most glamorous fashion houses in the world.</subfield>
  </datafield>
  <datafield tag="610" ind1=" " ind2="0">
    <subfield code="a">Dolce &amp; Gabbana (Firm : Milan, Italy)</subfield>
    <subfield code="9">24402</subfield>
  </datafield>
  <datafield tag="650" ind1=" " ind2="0">
    <subfield code="a">Fashion design</subfield>
    <subfield code="z">Italy</subfield>
    <subfield code="x">History</subfield>
    <subfield code="9">23718</subfield>
  </datafield>
  <datafield tag="650" ind1=" " ind2="0">
    <subfield code="a">Luxury goods industry </subfield>
    <subfield code="z">Italy</subfield>
    <subfield code="x">History </subfield>
    <subfield code="y">20th century</subfield>
    <subfield code="9">24403</subfield>
  </datafield>
  <datafield tag="653" ind1=" " ind2=" ">
    <subfield code="a">Fashion &amp; Luxury Collection</subfield>
  </datafield>
  <datafield tag="942" ind1=" " ind2=" ">
    <subfield code="2">lcc</subfield>
  </datafield>
  <datafield tag="952" ind1=" " ind2=" ">
    <subfield code="0">0</subfield>
    <subfield code="1">0</subfield>
    <subfield code="2">lcc</subfield>
    <subfield code="4">0</subfield>
    <subfield code="7">0</subfield>
    <subfield code="a">TBS</subfield>
    <subfield code="b">TBS</subfield>
    <subfield code="d">2024-12-18</subfield>
    <subfield code="l">0</subfield>
    <subfield code="o">TT505 BUM</subfield>
    <subfield code="p">B05980</subfield>
    <subfield code="r">2024-12-18</subfield>
    <subfield code="t">1</subfield>
    <subfield code="w">2024-12-18</subfield>
    <subfield code="y">1</subfield>
  </datafield>
  <datafield tag="999" ind1=" " ind2=" ">
    <subfield code="c">4440</subfield>
    <subfield code="d">4440</subfield>
  </datafield>
</record>
